| 000 | 00815nam a2200217 a 4500 | ||
|---|---|---|---|
| 003 | 0 | ||
| 005 | 20250415150743.0 | ||
| 008 | 970101s19uu xx 00 eng d | ||
| 050 |
_aPGS GV 709 _b.C346 2004 |
||
| 100 | _aCastaneda, Bianca Nadine Valiao. | ||
| 245 |
_aA profile of a varsity player / _cBianca Nadine Valiao Castaneda. |
||
| 260 |
_aLas PiƱas City, Philippines : _bSouthville International School and Colleges, _c2004. |
||
| 300 |
_a23 pages : _billustrations ; _c28 cm. |
||
| 504 | _aIncludes bibliographical references. | ||
| 650 |
_aStudent athletes _vSocial conditions. |
||
| 650 |
_aVarsity athletes _vChild development. |
||
| 650 |
_aPhysical training _vChildren. |
||
| 650 |
_aAcademic priorities _vStudent athletes. |
||
| 650 |
_aChildren _vTime and task management. |
||
| 942 |
_2lcc _cPASS |
||
| 999 |
_c96961 _d96961 |
||